| 000 | 01148cam a2200313 a 4500 | ||
|---|---|---|---|
| 001 | 4518363 | ||
| 005 | 20230123105702.0 | ||
| 008 | 981211s1999 cau b 001 0 eng d | ||
| 010 | _a 98233173 | ||
| 020 | _a0761914412 | ||
| 020 | _a0761914420 (pbk.) | ||
| 035 | _a(OCoLC)40476431 | ||
| 040 |
_aWaPS _cWaPS _dDLC |
||
| 042 | _alccopycat | ||
| 043 | _an-us--- | ||
| 050 | 0 | 0 | _aLC 5805 .W55 1999 |
| 100 | 1 | _aWilliams, Marcia L. | |
| 245 | 1 | 0 |
_aDistance learning : _bthe essential guide / _cMarcia L. Williams, Kenneth Paprock, Barbara Covington. |
| 260 |
_aThousand Oaks, Calif. : _bSage, _cc1999. |
||
| 300 |
_a166 p. ; _c23 cm. |
||
| 504 | _aIncludes bibliographical references (p. 157-159) and index. | ||
| 650 | 0 |
_aDistance education _zUnited States. |
|
| 650 | 0 | _aTelecommunication in education. | |
| 700 | 1 | _aPaprock, Kenneth. | |
| 700 | 1 | _aCovington, Barbara. | |
| 856 | 4 | 2 |
_3Publisher description _uhttp://www.loc.gov/catdir/enhancements/fy0656/98233173-d.html |
| 856 | 4 | 1 |
_3Table of contents only _uhttp://www.loc.gov/catdir/enhancements/fy0656/98233173-t.html |
| 942 |
_2lcc _cBOOKS _hLC 5805 .W55 1999 |
||
| 999 |
_c31520 _d31520 |
||